| 000 | 00570nam a2200193 a 4500 | ||
|---|---|---|---|
| 001 | 000026379 | ||
| 005 | 20240530073919.0 | ||
| 008 | 110315s20uu dr 000 0 spa d | ||
| 040 |
_aDO-SdBNP _bspa _cBNPHU |
||
| 082 |
_aRD863.44 _bC352m |
||
| 100 | 1 |
_aCastillo, Samil Daniel _953407 |
|
| 245 | 1 | 3 |
_aMi otro yo, / _cSamil Daniel. |
| 260 |
_a[Santo Domingo : _bs.n., _c19--?]. |
||
| 300 |
_a161 p. ; _c21 cm. |
||
| 590 | _aInventariado, 2020/YL | ||
| 650 | 0 |
_aNovela dominicana _9223 |
|
| 650 | 0 |
_aLiteratura dominicana. _967 |
|
| 910 | _aValidado. Control de calidad MFF | ||
| 999 |
_c25871 _d25871 |
||